LEADER 01276nam a2200325 u 4500 001 000000088841 003 CaOOAMICUS 005 20070226124544.0 008 051107s1968 it u000 u ita u 035 $a11067156 040 $aPUL(R)$bita 041 1 $aita$hfre 100 1 $aMonden, Louis,$cS.I.$0(OLS)http://pul/name/57695 240 10$aConscience du péché.$lItaliano.$0(OLS)http://pul/title/114772 245 13$aLa coscienza del peccato /$cLouis Monden. 260 $aTorino :$bBorla,$cc1968. 300 $a197 p. ;$c21 cm 490 1 $aBiblioteca di studi psicoreligiosi ;$v8 500 $aInclude indici. 500 $aBibliografia: p.[187]-197. 650 4$aSessuologia.$0(OLS)http://pul/subject/1695 650 4$aTeologia pastorale.$0(OLS)http://pul/subject/1301 650 4$aCastità.$0(OLS)http://pul/subject/1027 830 0$aBiblioteca di studi psicoreligiosi ;$v8.$0(OLS)http://pul/title/2659 850 $aPUL 852 $aPUL$W1$xDP1 Fondo Pastorale$y55$mP6 F 15$j112433$nBK-PRI$b $qFondi$B112433$CPULBib$Z2$F112433 $HPUL2059 $81 941 1 $a1 960 $aPastorale$91301 996 $6245$aLa coscienza del peccato$9(OLS)http://pul/title/114773 996 $6260$aTorino :$bBorla$9(OLS)http://pul/publisher/48084 LEADER 01073nam a2200265 a 4500 001 000000150822 003 CaOOAMICUS 005 20160330105134.0 008 160330s2006 it u000 u ita r 020 $a8871985133* 032 $aLibriCat 040 $aPUL$bita 041 1 $aita$heng 100 1 $aIntrovigne, Massimo.$0(OLS)http://pul/name/30213 245 13$aIl dramma dell'Europa senza Cristo :$bil relativismo europeo nello scontro delle civiltà /$cMassimo Introvigne. 260 $aMilano :$bSugarCo,$c©2006. 300 $a190 p. ;$c21 cm. 650 4$aRelativismo.$0(OLS)http://pul/subject/21950 850 $aPUL 852 $aPUL$W1$xDP1 Fondo Bordoni$y120$m4 A 28$j45268$qFondi$B175428$CPULBib$Z2$F175428 $HBor184 $81 941 1 $a1 996 $6020$a8871985133*$9(OLS)http://pul/number/160158 996 $6245$aIl dramma dell'Europa senza Cristo :$bil relativismo europeo nello scontro delle civiltà$9(OLS)http://pul/title/189994 996 $6260$aMilano :$bSugarCo$9(OLS)http://pul/publisher/48978